<?xml version="1.0" encoding="UTF-8"?><?xml-stylesheet type="text/xsl" href="static/style.xsl"?><OAI-PMH xmlns="http://www.openarchives.org/OAI/2.0/" xmlns:xsi="http://www.w3.org/2001/XMLSchema-instance" xsi:schemaLocation="http://www.openarchives.org/OAI/2.0/ http://www.openarchives.org/OAI/2.0/OAI-PMH.xsd"><responseDate>2026-04-13T04:55:07Z</responseDate><request verb="GetRecord" identifier="oai:www.recercat.cat:2445/154098" metadataPrefix="marc">https://recercat.cat/oai/request</request><GetRecord><record><header><identifier>oai:recercat.cat:2445/154098</identifier><datestamp>2025-12-04T22:33:58Z</datestamp><setSpec>com_2072_1057</setSpec><setSpec>col_2072_478917</setSpec><setSpec>col_2072_478931</setSpec></header><metadata><record xmlns="http://www.loc.gov/MARC21/slim" xmlns:dcterms="http://purl.org/dc/terms/" xmlns:xsi="http://www.w3.org/2001/XMLSchema-instance" xmlns:doc="http://www.lyncode.com/xoai" xsi:schemaLocation="http://www.loc.gov/MARC21/slim http://www.loc.gov/standards/marcxml/schema/MARC21slim.xsd">
   <leader>00925njm 22002777a 4500</leader>
   <datafield ind2=" " ind1=" " tag="042">
      <subfield code="a">dc</subfield>
   </datafield>
   <datafield ind2=" " ind1=" " tag="720">
      <subfield code="a">Crehuá-Gaudiza, Elena</subfield>
      <subfield code="e">author</subfield>
   </datafield>
   <datafield ind2=" " ind1=" " tag="720">
      <subfield code="a">García-Peris, M.</subfield>
      <subfield code="e">author</subfield>
   </datafield>
   <datafield ind2=" " ind1=" " tag="720">
      <subfield code="a">Calderón Garrido, Caterina</subfield>
      <subfield code="e">author</subfield>
   </datafield>
   <datafield ind2=" " ind1=" " tag="720">
      <subfield code="a">Jovani-Casano, C.</subfield>
      <subfield code="e">author</subfield>
   </datafield>
   <datafield ind2=" " ind1=" " tag="720">
      <subfield code="a">Moreno, M.A.</subfield>
      <subfield code="e">author</subfield>
   </datafield>
   <datafield ind2=" " ind1=" " tag="720">
      <subfield code="a">Martinez-Costa, Cecilia</subfield>
      <subfield code="e">author</subfield>
   </datafield>
   <datafield ind2=" " ind1=" " tag="260">
      <subfield code="c">2020-03-26T14:03:38Z</subfield>
   </datafield>
   <datafield ind2=" " ind1=" " tag="260">
      <subfield code="c">2020-03-26T14:03:38Z</subfield>
   </datafield>
   <datafield ind2=" " ind1=" " tag="260">
      <subfield code="c">2019-12-01</subfield>
   </datafield>
   <datafield ind2=" " ind1=" " tag="260">
      <subfield code="c">2020-03-26T14:03:38Z</subfield>
   </datafield>
   <datafield ind2=" " ind1=" " tag="520">
      <subfield code="a">NTRODUCTION: neurologically impaired children frequently experience nutritional disorders and bone health complications. Our aim was firstly to analyze a method to interpret bone mineral density (BMD) accurately in neurologically impaired children. Secondly, to determine its relationship with the nutritional status and micronutrient levels in order to identify which factors are associated with low BMD. METHODS: a observational multicenter study was conducted in children with moderate-to-severe neurological impairment. Data collected included: medical records, anthropometric measures, hematologic and biochemical evaluation. BMD was measured with Dual-energy X-ray absorptiometry and z-scores were calculated adjusting for sex and chronological age. Secondly, BMD z-scores were calculated applying height age (age at which the child's height would be in 2nd percentile) instead of chronological age. RESULTS: fifty-two children were included (aged 4-16 years). Seventeen patients (32.7%) received feeding by gastrostomy tube. Height and BMI z-score were below 2SD in 64% and 31% of patients respectively, with normal mid upper arm circumference and skinfold thickness measurements. Low vitamin-D levels were found in 42% of cases. 50% of patients evidenced low BMD when calculated for chronological age, whereas only 34.5% showed BMD z-score &lt;-2 when calculated for height age. No correlation was observed between BMD and vitamin-D levels, weight and height z-scores or age when BMD was calculated applying height age. CONCLUSIONS: the prevalence of low BMD is high in neurologically impaired children, and it is probably multifactorial. In these children, we suggest adjusting BMD for height age, in order not to over diagnose low BMD.</subfield>
   </datafield>
   <datafield tag="653" ind2=" " ind1=" ">
      <subfield code="a">Infants discapacitats</subfield>
   </datafield>
   <datafield tag="653" ind2=" " ind1=" ">
      <subfield code="a">Paràlisi cerebral</subfield>
   </datafield>
   <datafield tag="653" ind2=" " ind1=" ">
      <subfield code="a">Alimentació infantil</subfield>
   </datafield>
   <datafield tag="653" ind2=" " ind1=" ">
      <subfield code="a">Children with disabilities</subfield>
   </datafield>
   <datafield tag="653" ind2=" " ind1=" ">
      <subfield code="a">Cerebral palsy</subfield>
   </datafield>
   <datafield tag="653" ind2=" " ind1=" ">
      <subfield code="a">Child nutrition</subfield>
   </datafield>
   <datafield ind2="0" ind1="0" tag="245">
      <subfield code="a">Assessment of nutritional status and bone health in neurologically impaired children: a challenge in pediatric clinical practice</subfield>
   </datafield>
</record></metadata></record></GetRecord></OAI-PMH>